MLB Most HRs 2000s - Statistics

General Stats
  • This quiz has been taken 66 times
  • The average score is 30 of 60
Answer Stats
# Tm Answer HR % Correct
1 NYY Alex Rodriguez 435
98%
3 STL Albert Pujols 366
91%
6 SFG Barry Bonds 317
91%
11 BOS David Ortiz 307
91%
4 BOS Manny Ramirez 348
89%
26 CHC Aramis Ramirez 258
88%
2 CLE Jim Thome 368
86%
10 ATL Andruw Jones 308
82%
18 ATL Chipper Jones 273
82%
34 PHI Ryan Howard 222
77%
7 CIN Adam Dunn 316
67%
37 CHW Frank Thomas 220
67%
20 CHC Sammy Sosa 273
67%
58 HOU Jeff Bagwell 186
65%
13 CHW Paul Konerko 295
65%
12 NYY Jason Giambi 303
63%
51 STL Scott Rolen 201
63%
30 CIN Ken Griffey Jr. 232
61%
25 COL Todd Helton 260
61%
8 LAA Vladimir Guerrero 315
61%
5 TOR Carlos Delgado 324
60%
9 HOU Lance Berkman 309
58%
36 ARI Luis Gonzalez 221
58%
46 NYY Jorge Posada 208
56%
32 LAD Adrian Beltre 228
53%
27 NYM Carlos Beltran 251
53%
29 TEX Mark Teixeira 242
53%
42 FLA Miguel Cabrera 209
51%
14 CHW Carlos Lee 291
47%
21 CHC Derrek Lee 270
47%
17 LAA Troy Glaus 274
47%
19 LAD Gary Sheffield 273
46%
24 STL Jim Edmonds 261
46%
40 SFG Jeff Kent 216
44%
57 NYM Mike Piazza 187
44%
15 NYY Alfonso Soriano 289
42%
16 CHW Jermaine Dye 274
42%
33 MIN Torii Hunter 226
42%
41 LAA Garret Anderson 213
40%
31 CHW Magglio Ordonez 229
40%
28 OAK Miguel Tejada 251
40%
50 TBR Carlos Pena 202
39%
45 TEX Rafael Palmeiro 208
33%
39 OAK Eric Chavez 216
32%
44 LAD Shawn Green 209
32%
59 PIT Jason Bay 185
30%
56 CHC Moises Alou 187
30%
23 MIL Richie Sexson 264
30%
55 TOR Vernon Wells 191
28%
38 PHI Bobby Abreu 216
26%
43 PIT Brian Giles 209
26%
47 FLA Mike Lowell 206
26%
22 PHI Pat Burrell 265
26%
48 PHI Raul Ibanez 204
23%
53 MIL Jeromy Burnitz 192
19%
35 SEA Mike Cameron 221
19%
49 TBR Aubrey Huff 203
16%
60 NYM Cliff Floyd 182
16%
54 MIL Geoff Jenkins 191
9%
52 STL J.D. Drew 198
9%
No matching quizzes found
Score Distribution
Percent of People with Each Score
Percentile by Number Answered
Your Score History
You have not taken this quiz